000 00942nam a2200241 i 4500
001 182664
003 ES-MaACL
005 20250902225550.0
008 131009s2009 sp | |||||||| | spa d
020 _a978-84-936669-9-6
080 _a821.134.2(899)-14"19"
100 0 _aAgustini, Delmira,
_d1886-1914
_918923
245 1 0 _aPoesía completa /
_cDelmira Agustini ; edición y prólogo de Martha L. Canfield.
260 _aSevilla :
_bSibilina :
_bFundación BBVA,
_c[2009]
300 _a207 p. ;
_c21cm.
490 1 _aBiblioteca Sibila-Fundación BBVA de poesía en español. Completas
700 1 _aCanfield, Martha L.
_9147207
830 0 _aBiblioteca Sibila-Fundación BBVA de poesía en español. Completas
_9191811
852 _aES-MaACL
_jA-12817
_9189581
_bR.149031
_cDEPO1
_dOlim: N-5817
_xDonación: Fundación BBVA
914 _aFundación BBVA
_ednr
_94230
942 _2udc
_cMONOGRAFIA
999 _c182664
_d182664